000 00530nam 22001933 4500
001 200778
090 _a200778
100 _a20260226d u||y0pory50 ba
200 _aBem, Obrigado, e você?
_fQuino
210 _aLisboa
_cPublicações Dom Quixote
_d1982
215 _a[98] p.
_cil. ; brochado
_d26 cm
225 _aHumor com humor se paga
_h4
606 _91586
_aDesenho Artístico
610 _aBanda Desenhada
675 _a74
_vPT
_zpor
700 _92358
_aQuino
_f1932-2020
801 _aPT
_bBMMN
_gRPC
830 _cIsabel
990 _cLIVROS